Digital Landscape Architecture Now (Record no. 369624)
[ view plain ]
| 000 -LEADER | |
|---|---|
| fixed length control field | 00394 a2200157 4500 |
| 005 - DATE AND TIME OF LATEST TRANSACTION | |
| control field | 20251229111429.0 |
| 008 - FIXED-LENGTH DATA ELEMENTS--GENERAL INFORMATION | |
| fixed length control field | 251229b |||||||| |||| 00| 0 eng d |
| 020 ## - INTERNATIONAL STANDARD BOOK NUMBER | |
| International Standard Book Number | 9780500342824 |
| 082 ## - DEWEY DECIMAL CLASSIFICATION NUMBER | |
| Classification number | 712/AMO |
| 100 ## - MAIN ENTRY--PERSONAL NAME | |
| Author | Amoroso N |
| 245 ## - TITLE STATEMENT | |
| Title | Digital Landscape Architecture Now |
| 260 ## - PUBLICATION, DISTRIBUTION, ETC. | |
| Name of publisher, distributor, etc. | Thames & Hudson |
| Date of publication, distribution, etc. | 2012 |
| Place of publication, distribution, etc. | London |
| 300 ## - PHYSICAL DESCRIPTION | |
| Extent | 304p |
| Other physical details | HB |
| 500 ## - GENERAL NOTE | |
| Keywords | LANDSCAPE |
| 942 ## - ADDED ENTRY ELEMENTS (KOHA) | |
| Koha item type | Books |
| Withdrawn status | Lost status | Source of classification or shelving scheme | Damaged status | Not for loan | Home library | Current library | Date acquired | Vendor | Net Price | Total Checkouts | Full call number | Barcode | Date last seen | Actual Price | Bill Date | Koha item type |
|---|---|---|---|---|---|---|---|---|---|---|---|---|---|---|---|---|
| Dewey Decimal Classification | Dr. Bhanuben Nanavati College of Architecture | Dr. Bhanuben Nanavati College of Architecture | 29/12/2025 | 213 | 2470.86 | 712/AMO | BNCA-BK-13423 | 29/12/2025 | 3922.00 | 12/12/2025 | Books |